<?xml version="1.0" encoding="UTF-8"?>
<marc:record xmlns:marc="http://www.loc.gov/MARC21/slim">
   <marc:leader>00000nam a2200000 a 4500</marc:leader>
   <marc:datafield ind1="1" ind2=" " tag="100">
      <marc:subfield code="a">Schoof, Renate</marc:subfield>
      <marc:subfield code="4">aut</marc:subfield>
      <marc:subfield code="e">Verfasser/-in</marc:subfield>
   </marc:datafield>
   <marc:datafield ind1="0" ind2="0" tag="245">
      <marc:subfield code="a">Vergissmeinnicht und Gänseblümchen</marc:subfield>
   </marc:datafield>
   <marc:datafield ind1="0" ind2="0" tag="245">
      <marc:subfield code="b">Erlebte Geschichten</marc:subfield>
   </marc:datafield>
   <marc:datafield ind1="0" ind2="0" tag="245">
      <marc:subfield code="c">Renate Schoof</marc:subfield>
   </marc:datafield>
   <marc:datafield ind1=" " ind2="1" tag="264">
      <marc:subfield code="a">Kevelaer</marc:subfield>
      <marc:subfield code="b">Butzon &amp; Bercker</marc:subfield>
      <marc:subfield code="c">2022</marc:subfield>
   </marc:datafield>
   <marc:datafield ind1="1" ind2=" " tag="520">
      <marc:subfield code="a">Angaben aus der Verlagsmeldung

Vergissmeinnicht und Gänseblümchen : Erlebte Geschichten / von Renate Schoof

Die Mutmach-Geschichten erzählen von kleinen und großen Momenten, die der Lebensabschnitt 70 plus bereithält. In der Natur, bei einer Geburtstagsfeier, auf Reisen, im Seniorenstift oder am heimischen Küchentisch: Überall warten Wunder darauf, wahrgenommen zu werden. Ein Wort, eine Beobachtung oder eine Melodie können zu einem Tor in die Welt der Erinnerungen werden und vergessen Geglaubtes aufleben lassen. Die Geschichten regen an, innere Schätze zu heben, sie mit anderen zu teilen und aus schönen und schmerzlichen Erfahrungen Kraft zu schöpfen für das Heute..
</marc:subfield>
   </marc:datafield>
   <marc:datafield ind1=" " ind2=" " tag="020">
      <marc:subfield code="a">9783766629418</marc:subfield>
      <marc:subfield code="9">9783766629418</marc:subfield>
   </marc:datafield>
   <marc:datafield ind1=" " ind2=" " tag="020">
      <marc:subfield code="a">3766629417</marc:subfield>
      <marc:subfield code="9">3766629417</marc:subfield>
   </marc:datafield>
   <marc:datafield ind1=" " ind2=" " tag="041">
      <marc:subfield code="a">ger</marc:subfield>
   </marc:datafield>
   <marc:datafield ind1=" " ind2=" " tag="300">
      <marc:subfield code="a">144 Seiten</marc:subfield>
   </marc:datafield>
</marc:record>
